000 00661nam a2200229Ia 4500
003 OSt
005 20220923213531.0
006 a|||||r|||| 00| 0
007 ta
008 220922b |||||||| |||| 00| 0 hin d
024 _a162,638
037 _cTextual
040 _aARTS
_cARTS
_bhin
041 _2hin
_ahin
082 _aO152:3M80:15:9, K6
100 _aगोपाल राय
245 0 _aगोदान
_b अध्ययन की समस्याएं
246 _aGodāna: adhyayan kī samasyāean
260 _c1966
942 _hO152:3M80:15:9, K6
_cTEXL
_2CC
999 _c317118
_d317118